El problema del mal : un desafío para la persona humana /
Obra que reúne seis ensayos sobre el mal, los tres primeros lo abordan desde una perspectiva filosófica contemporánea, que deja de lado la visión de mal como privación de bien para presentarlo como condición de realidad; y los restantes tres esbozan respectivamente una reflexión desde la literatura,...
Guardat en:
| Autor principal: | |
|---|---|
| Format: | Llibre |
| Idioma: | espanyol |
| Publicat: |
México :
Universidad Iberoamericana, Plantel Santa Fe,
2011, c2011
|
| Matèries: | |
| Etiquetes: |
Sense etiquetes, Sigues el primer a etiquetar aquest registre!
|
MARC
| LEADER | 00000nam^a2200000^a^4500 | ||
|---|---|---|---|
| 001 | 000311296 | ||
| 005 | 20250521000000.0 | ||
| 009 | 20260310113040.525 | ||
| 020 | |a 978-607-417-136-5 | ||
| 037 | |a Acervo ITESO - Biblioteca | ||
| 041 | |a ESP | ||
| 082 | |a 111. 84 |b NAV | ||
| 100 | |a Navarro Zamora, Andrés |e (comp.) | ||
| 245 | 1 | 3 | |a El problema del mal : |b un desafío para la persona humana / |c Comp. de A. Navarro Zamora. |
| 264 | 4 | |a México : |b Universidad Iberoamericana, Plantel Santa Fe, |c 2011, c2011 | |
| 300 | |a 206 p. | ||
| 336 | |a texto |b txt |2 rdacontenido | ||
| 337 | |a sin mediación |b n |2 rdamedio | ||
| 338 | |a volumen |b nc |2 rdasoporte | ||
| 520 | |a Obra que reúne seis ensayos sobre el mal, los tres primeros lo abordan desde una perspectiva filosófica contemporánea, que deja de lado la visión de mal como privación de bien para presentarlo como condición de realidad; y los restantes tres esbozan respectivamente una reflexión desde la literatura, el arte y el cine. | ||
| 649 | |a XX | ||
| 650 | |a Bien y Mal - |x Tema Principal | ||
| 650 | |a Crueldad | ||
| 650 | |a Bondad | ||
| 650 | |a Etica | ||
| 650 | |a Literatura - |x Historia y Crítica | ||
| 650 | |a Cine - |x Historia y Crítica | ||
| 650 | |a Arte - |x Historia y Crítica | ||
| 650 | |a Filosofía | ||
| 650 | |a Schopenhauer, Arthur | ||
| 650 | |a Nietzsche, Friedrich | ||
| 650 | |a Ricoeur, Paul | ||
| 650 | |a Zubiri, Xavier | ||
| 910 | |a Fondo General | ||
| 920 | |a Impresos - Libros | ||
| 930 | |a Colección General | ||
| 905 | |a 101 | ||
| 901 | |a 0500198141 |b IT1 |c ACC |i D56148 |u 20250521 | ||
| 902 | |a https://opac.biblio.iteso.mx/vufind/Record/000311296 | ||